000 01153cam a2200289 a 4500
001 14786966
005 20241101195417.0
008 070327s2007 enk b 001 0 eng
020 _a9781405132282 (pbk. : alk. paper)
020 _a1405132280 (pbk. : alk. paper)
050 0 0 _aKD2968.N8
_bN87 2007
082 0 0 _a344.4104/14
_222
245 0 0 _aNursing law and ethics /
_cedited by John Tingle and Alan Cribb.
250 _a3rd ed.
260 _aOxford ;
_aMalden, MA :
_bBlackwell Pub.,
_c2007.
300 _axiv, 341 p. ;
_c24 cm.
_bIndex
650 0 _aNursing
_xLaw and legislation
_zGreat Britain.
650 0 _aNursing ethics
_zGreat Britain.
650 1 2 _aEthics, Nursing
_zGreat Britain.
650 1 2 _aLegislation, Nursing
_zGreat Britain.
700 1 _aTingle, John.
700 1 _aCribb, Alan.
856 4 1 _3Table of contents only
_uhttp://www.loc.gov/catdir/toc/ecip0714/2007012913.html
856 4 2 _3Contributor biographical information
_uhttp://www.loc.gov/catdir/enhancements/fy0826/2007012913-b.html
856 4 2 _3Publisher description
_uhttp://www.loc.gov/catdir/enhancements/fy0826/2007012913-d.html
942 _2lcc
_cBK
_eThird ed.
_n0
999 _c545
_d545